| 000 | 00326nam a22001217a 4500 | ||
|---|---|---|---|
| 082 |
_a358.2095 _bLOC _cD |
||
| 100 |
_aW.S.A Lockhart _949134 |
||
| 245 | _aReport on the Engrineer Operation of Tirah Expeditionary Forc | ||
| 300 | _a98.p: | ||
| 526 |
_a0 _b0 _c0 _d358_209500000000000_LOC |
||
| 650 |
_aMCE _9379 |
||
| 942 |
_2ddc _cBK |
||
| 999 |
_c551963 _d551963 |
||